| 000 | 01735cam a2200481 a 4500 | ||
|---|---|---|---|
| 001 | 4335528 | ||
| 005 | 20200421093820.0 | ||
| 008 | 050224s2004 enk j 000 f grc c | ||
| 020 | _a9780747568971 (U.K.) | ||
| 020 | _a0747568979 (U.K.) | ||
| 020 | _a9781582348261 (U.S.) | ||
| 020 |
_a158234826X (U.S.) : _c$21.95 |
||
| 035 | _a(OCoLC)ocm57727978 | ||
| 035 | _a(OCoLC)57727978 | ||
| 040 |
_aSFR _cSFR _dOCLCQ _dTXA _dCOD _dBAKER _dNLGGC _dUBY _dOCLCA _dNLE |
||
| 041 | 1 |
_agrc _heng |
|
| 042 | _apcc | ||
| 043 | _ae-uk-en | ||
| 049 | _aNLES | ||
| 050 | 4 |
_aPR6068.O93 _bH38154 2004 |
|
| 082 | 1 | 4 |
_aFic _bRowL |
| 084 |
_a18.05 _2bcl |
||
| 100 | 1 |
_aRowling, J. K. _9277 |
|
| 240 | 1 | 0 |
_aHarry Potter and the philosopher's stone. _lGreek |
| 245 | 1 | 0 |
_aHareios Potēr kai hē tou philosophou lithos / _cJ.K. Rowling ; translated by Andrew Wilson. |
| 260 |
_aNew York, N.Y. ; _aLondon : _bBloomsbury, _c2004. |
||
| 300 |
_a250 p. ; _c21 cm |
||
| 500 | _aTitle transliterated. | ||
| 500 | _aEnglish ed. originally published: London : Bloomsbury Pub., 1997, under title: Harry Potter and the philosopher's stone. | ||
| 500 | _aSequel: Harry Potter and the Chamber of Secrets. | ||
| 650 | 0 |
_aWizards _vJuvenile fiction. _9772 |
|
| 650 | 0 |
_aMagic _vJuvenile fiction. _9773 |
|
| 650 | 0 |
_aHogwarts School of Witchcraft and Wizardry (Imaginary organization) _vJuvenile fiction. _9278 |
|
| 650 | 0 |
_aSchools _vJuvenile fiction. _9774 |
|
| 650 | 1 |
_aWizards _vFiction. _9775 |
|
| 650 | 1 |
_aMagic _vFiction. _9776 |
|
| 650 | 1 |
_aSchools _vFiction. _9777 |
|
| 651 | 0 |
_aEngland _vJuvenile fiction. _9778 |
|
| 651 | 1 |
_aEngland _vFiction. |
|
| 655 | 0 |
_aFantasy fiction, English. _9279 |
|
| 700 | 1 |
_aWilson, Andrew, _d1939- _9280 |
|
| 942 |
_2ddc _cBK |
||
| 999 |
_c135 _d135 |
||